000 00716nas a2200229 4500
001 BR8102724
003 BR-BrBNA
005 20231205084726.0
007 ta
008 230509b bl.|||p| |||| 00| 00por d
040 _aBR-BrBNA
_bpor
_cBiblioteca Nacional de Agricultura
041 _a(Pt)
072 _aF24
100 1 _aMotta, P.E.F. da
245 1 _aLevantamento pedologico, conceituacao e utilizacoes
650 _aReconhecimento do solo
650 _aMapa
650 _aPedologia
773 0 _tInforme Agropecuario - Empresa de Pesquisa Agropecuaria de Minas Gerais (Brazil)
_xISSN 0100-3364
_g(Aug 1981), v. 7(80) p. 16
_wBR8102724
909 _a202311
_bLúcia
_c55
_dLúcia Elande
942 _2AGRIS
_n0
_cANA
999 _c106890
_d106890